Politika bezpečnosti potravín na jednotnom európskom trhu - európsky systém bezpečnosti potravín diplomová práca

Na minha lista:
Detalhes bibliográficos
Autor principal: Boldocká, Veronika
Autor Corporativo: Obchodná fakulta EU. Katedra medzinárodného obchodu
Outros Autores: Lacková, Alica
Formato: Livro
Idioma:eslovaco
Publicado em: Bratislava 2009
Tags: Adicionar Tag
Sem tags, seja o primeiro a adicionar uma tag!

MARC

LEADER 00000nam$a2200000$$$4500
001 0100564
005 20240318133758.9
041 0 |a slo 
044 |a SK 
245 1 0 |a Politika bezpečnosti potravín na jednotnom európskom trhu - európsky systém bezpečnosti potravín  |b diplomová práca  |c Veronika Boldocká ; škol. Alica Lacková 
264 1 |a Bratislava  |c 2009 
300 |a 110 s. 
100 1 |a Boldocká, Veronika 
700 1 |a Lacková, Alica 
710 2 |a Obchodná fakulta EU. Katedra medzinárodného obchodu